000 00570nam a2200205 a 4500
008
020 _a1853960330 (pbk.)
049 _aMAIN
090 _aHF5415
_bWES
100 1 _aWest, Alan.
245 1 0 _aCases in marketing techniques :
_banalysis, alternatives, action /
_cAlan West.
260 _aLondon :
_bPaul Chapman,
_c1988.
300 _a337 p. ;
_c24 cm.
650 0 _aMarketing.
907 _a.b10051405
_b16-09-10
_c17-04-03
003
005 20230123133225.0
040 _cNUST
942 _cBOOKS
_kHF5415
_mWES
999 _c144885
_d144885